000 00848 a2200217 4500
003 Nust
005 20220725132341.0
010 _a 82207139
020 _a0931988640 (pbk.)
040 _cNust
082 0 0 _a004.16,OSB
100 1 _aOsborne, Adam.
_968946
245 1 3 _aAn introduction to microcomputers :
_bthe ebinners book /
_cAdam Osborne, David Bunnell.
250 _a3rd ed.
260 _aBerkeley, Ca., U.S.A. :
_bOsborne/McGraw-Hill,
_cc1982-
300 _av. 233p.::
_bill. ;
_c24 cm.
505 _aThe Parts That Make The Whole (Page-1), Choosing A Microcomputer (Page-45), Software Makes Your Microcomputer Go (Page-77), Getting Down To Basics (Page-89), Inside A Microcomputer (Page-133), Putting It All Together (Page-157)
650 0 _aMicrocomputers.
_98096
700 1 _aBunnell, David.
_994903
942 _2ddc
_cBK
_k004.16,OSB
999 _c176110
_d176110